000 01055nam0a2200301 4500
001 RU\NLR\bibl\1208629
005 20250615103941.0
010 _a978-5-901049-83-9
021 _aRU
_b2008-9466
_9529
035 _a(NLR Aleph) 001195066
090 _a1741644
_c1741644
100 _a20080401d2007 |||y0rusy50 ca
101 0 _arus
102 _aRU
105 _ay |||||||||
200 1 _aПоединок со смертью
_eроман со своей судьбой
_e[роман, стихи]
_fЛариса Миронова
210 _aМосква
_cИздатель И.В. Балабанов
_d2007
215 _a335, [1] с.
_d21
686 _aШ6(2=Р)75-440.4
686 _aШ6(2=Р)75-5
700 1 _4070
_7ca
_8rus
_aМиронова
_bЛ. В.
_cписатель, переводчик
_f1947-
_gЛариса Владимировна
_9169193
_3RU\NLR\AUTH\770169243
801 0 _aRU
_bNLR
_c20080401
_gRCR
801 1 _aRU
_bNLR
_c20080401
942 _cBOOK
980 _aNB